| 000 | 01554nam0a2200349 4500 | ||
|---|---|---|---|
| 001 | RU\NLR\bibl\1731401 | ||
| 005 | 20260406162539.0 | ||
| 010 |
_a978-5-7429-0374-1 _910000 |
||
| 021 |
_aRU _b2010-105825 _97150 |
||
| 035 | _a(NLR Aleph) 001722350 | ||
| 090 |
_a1347769 _c1347769 |
||
| 100 | _a20110204d2011 |||y0rusy50 ca | ||
| 101 | 1 |
_arus _cscc |
|
| 102 | _aRU | ||
| 105 | _ac ||||||||| | ||
| 200 | 1 |
_aМиссионерские письма _fсвт. Николай Сербский _g[пер. с серб. С.А. Луганской] |
|
| 210 |
_aМосква _cИзд-во Православного Свято-Тихоновского гуманитарного университета _d2011 [т.е. 2010] |
||
| 215 |
_a449, [1] с. _cпортр. _d21 |
||
| 300 | _aКн. фактически изд. в 2010 г. | ||
| 600 | 0 |
_aНиколай _cВелимирович, Никола _cепископ Охридский и Жичский _f1880 - 1956 _jПереписка _92310354 _3RU\NLR\auth\661382750 |
|
| 606 | 1 |
_aХристианская мораль _91639409 _3RU\NLR\auth\66724879 |
|
| 686 | _aЭ372.25-37-028 | ||
| 686 | _aЭ372.25-43 | ||
| 700 | 0 |
_4070 _8rus _7ca _aНиколай _cВелимирович, Никола _cепископ Охридский и Жичский _f1880-1956 _3RU\NLR\AUTH\779514 _9119342 |
|
| 801 | 0 |
_aRU _bNLR _c20110204 _gRCR |
|
| 801 | 1 |
_aRU _bNLR _c20110204 |
|
| 942 | _cBOOK | ||
| 980 | _aNB | ||
| 980 | _aNBR | ||